guess the lana del rey song pt 7 - Statistics

General Stats
  • This quiz has been taken 275 times
  • The average score is 155 of 291
Answer Stats
Answer % Correct
i
99%
a
96%
you
95%
the
86%
he
83%
me
82%
to
77%
your
76%
and
74%
be
74%
my
74%
in
70%
it
69%
no
69%
dont
63%
for
63%
are
60%
im
60%
his
56%
youre
56%
why
55%
know
54%
not
54%
cant
53%
all
52%
(all
52%
up
50%
cause
49%
give
49%
one
46%
try
46%
but
45%
good
45%
live
45%
never
45%
wanna
45%
been
44%
get
43%
off
43%
please
43%
wont
43%
back
41%
money
41%
just
40%
gave
39%
nothing
39%
dealer
38%
find
38%
phone
36%
pick
36%
something
36%
take
36%
through
36%
hes
35%
father
34%
either
33%
shirt
33%
got
32%
ill
32%
home
31%
now
31%
(now
31%
years
31%
aint
30%
high)
30%
time)
30%
any
29%
doctor
27%
fucking
27%
lost
27%
spirit
27%
busy
26%
gone
25%
goodbye
24%
calls
23%
around
22%
seeker
22%
tears
22%
check
21%
circuits
21%
talk
21%
turn
21%
youve
21%
ether
20%
wreck
20%
healer
19%
weekend
19%
sleep
16%
stop
16%
explain
10%
No matching quizzes found
Score Distribution
Percent of People with Each Score
Percentile by Number Answered
Your Score History
You have not taken this quiz